Agriculture in semi-arid environments /

Guardado en:
Otros Autores: Hall, A. E. 1940-, Cannell, Glen H., 1919-, Lawton, Harry W., 1927-2005.
Formato: Libro
Idioma:English
Publicado: Berlin ; New York : Springer-Verlag, 1979.
Series:Ecological studies ; v. 34
Etiquetas: Agregar Etiqueta
Sin Etiquetas, Sea el primero en etiquetar este registro!
LEADER 00890cam a2200241 a 4500
001 EEA.libagro010264
005 20141204110630.0
008 790430s1979####gw#a#####b####001#0#eng##
010 |a  79013995  
020 |a 0387094148 
040 |a DLC  |c DLC  |d DLC 
050 0 0 |a SB110  |b .A37 
082 0 0 |a 630.9154 
245 0 0 |a Agriculture in semi-arid environments /  |c edited by A. E. Hall, G. H. Cannell, and H. W. Lawton ; contributors, H. P. Bailey ... [et al.]. 
260 |a Berlin ;  |a New York :  |b Springer-Verlag,  |c 1979. 
300 |a xvi, 340 p. :  |b il. ;  |c 25 cm. 
440 0 |a Ecological studies ;  |v v. 34 
504 |a Incluye referencias bibliográficas e índice. 
700 1 |a Hall, A. E.  |q (Anthony Elmit),  |d 1940- 
700 1 |a Cannell, Glen H.,  |d 1919- 
700 1 |a Lawton, Harry W.,  |d 1927-2005. 
740 0 |a Semi-arid environments. 
859 |a AR-BbBCA  |b BIB. AGRONOMIA  |h 630.9154  |i H174  |p C2690c